| 000 | 00861nam a22002657a 4500 | ||
|---|---|---|---|
| 999 |
_c12762 _d12762 |
||
| 003 | MIRAKIL | ||
| 005 | 20211214000607.0 | ||
| 008 | 190219b tu ||||| |||| 00| 0 tur d | ||
| 020 | _a9786059908740 | ||
| 040 |
_aTR-AnCHP _cTR-AnCHP |
||
| 041 | _atur | ||
| 082 |
_a320.9561 _bT36m 2015 |
||
| 100 | _aTerkoğlu, Barış | ||
| 245 | 1 | 0 |
_aMahrem : _bGizli belgelerle Türkiye'nin sırları/ _cBarış Terkoğlu, Barış Pehlivan |
| 246 | _aGizli belgelerle Türkiye'nin sırları/ | ||
| 250 | _a2. bs. | ||
| 260 |
_aİstanbul : _bKırmızı Kedi Yayınevi, _c2015. |
||
| 300 |
_a459 s.: _c23 sm. |
||
| 490 | 0 |
_aKırmızı Kedi Yayınevi ; _aİnceleme; _v449. _v44. |
|
| 504 | _aDizin vardır. | ||
| 650 | 0 |
_aSiyaset ve yönetim _xTürkiye _99 |
|
| 700 |
_95214 _aPehlivan, Barış |
||
| 740 | _aGizli belgelerle Türkiye'nin sırları/ | ||
| 942 |
_2ddc _cBKS |
||